Top 100 Harry Potter Characters by Picture - Statistics

General Stats
  • This quiz has been taken 2,138 times
  • The average score is 69 of 100
Answer Stats
Picture Answer % Correct
Harry Potter
100%
Hermione Granger
99%
Ron Weasley
99%
Albus Dumbledore
98%
Rubeus Hagrid
98%
Severus Snape
98%
Draco Malfoy
97%
Lord Voldemort
97%
Sirius Black
97%
Fred Weasley
96%
George Weasley
95%
Ginny Weasley
95%
Neville Longbottom
95%
Dobby
94%
Remus Lupin
94%
Minerva McGonagall
93%
Alastor Moody
92%
Dolores Umbridge
92%
Luna Lovegood
92%
Cedric Diggory
90%
Molly Weasley
90%
Arthur Weasley
89%
Peter Pettigrew
89%
Dudley Dursley
88%
Bellatrix Lestrange
87%
Cho Chang
87%
Hedwig
87%
James Potter
87%
Lucius Malfoy
86%
Vernon Dursley
86%
Viktor Krum
86%
Fleur Delacour
83%
Percy Weasley
83%
Petunia Dursley
83%
Bill Weasley
82%
Gregory Goyle
81%
Lily Potter
81%
Nearly Headless Nick
80%
Nymphadora Tonks
80%
Gilderoy Lockhart
79%
Vincent Crabbe
79%
Argus Filch
78%
Moaning Myrtle
77%
Rita Skeeter
77%
Seamus Finnigan
77%
Horace Slughorn
76%
Oliver Wood
75%
Cornelius Fudge
74%
Sybill Trelawney
74%
Barty Crouch Senior
73%
Dean Thomas
73%
Lavender Brown
72%
Quirinus Quirrell
71%
Kreacher
70%
Filius Flitwick
69%
Garrick Ollivander
69%
Narcissa Malfoy
69%
Crookshanks
67%
Igor Karkaroff
66%
Buckbeak
65%
Colin Crivey
65%
Pomona Sprout
65%
Poppy Pomfrey
64%
The Fat Lady
64%
Kingsley Shacklebolt
62%
Parvati Patil
62%
Xenophilius Lovegood
62%
Fang
60%
Fenrir Greyback
59%
Fawkes
57%
Marjorie Dursley
57%
Rolanda Hooch
56%
Angelina Johnson
55%
Lee Jordan
55%
Olympe Maxime
55%
Katie Bell
54%
Charlie Weasley
53%
Griphook
53%
Mrs Norris
52%
Mundungus Fletcher
52%
Amos Diggory
51%
Bathilda Bagshot
51%
Pansy Parkinson
51%
Firenze
49%
Grawp
49%
Stan Shunpike
49%
Cormac MacLaggen
47%
Rufus Scrimgeour
45%
Arabella Figg
38%
Aberforth Dumbledore
37%
Pigwidgeon
36%
Alicia Spinnet
33%
Corban Yaxley
27%
Elphias Doge
27%
Ernie MacMillan
27%
Gellert Grindelwald
27%
Muriel
17%
Phineas Nigellus Black
17%
Borgin
9%
Wilhelmina Grubbly-Plank
9%
No matching quizzes found
Score Distribution
Percent of People with Each Score
Percentile by Number Answered
Your Score History
You have not taken this quiz